<?xml version="1.0" encoding="UTF-8"?>
<collection xmlns="http://www.loc.gov/MARC21/slim">
 <record>
  <leader>     na                 </leader>
  <controlfield tag="001">INLIS000000000000171</controlfield>
  <controlfield tag="005">20220403093631</controlfield>
  <datafield tag="035" ind1=" " ind2=" ">
   <subfield code="a">0010-0422000120</subfield>
  </datafield>
  <controlfield tag="007">ta</controlfield>
  <controlfield tag="008">220403                b          0 ind  </controlfield>
  <datafield tag="020" ind1=" " ind2=" ">
   <subfield code="a">978-979-3535-47-0</subfield>
  </datafield>
  <datafield tag="082" ind1=" " ind2=" ">
   <subfield code="a">903</subfield>
  </datafield>
  <datafield tag="084" ind1=" " ind2=" ">
   <subfield code="a">903 NIN m</subfield>
  </datafield>
  <datafield tag="100" ind1="0" ind2=" ">
   <subfield code="a">Nino Oktorino, dkk</subfield>
  </datafield>
  <datafield tag="245" ind1="1" ind2=" ">
   <subfield code="a">MUATAN LOKAL ENSIKLOPEDIA SEJARAH DAN BUDAYA :</subfield>
   <subfield code="b">Indonesia Raya, Sejarah Nasional Indonesia 8 /</subfield>
   <subfield code="c">Nino Oktorino, dkk</subfield>
  </datafield>
  <datafield tag="250" ind1=" " ind2=" ">
   <subfield code="a">Cetakan 2017</subfield>
  </datafield>
  <datafield tag="260" ind1=" " ind2=" ">
   <subfield code="a">Jakarta :</subfield>
   <subfield code="b">PT Lentera Abadi,</subfield>
   <subfield code="c">2009</subfield>
  </datafield>
  <datafield tag="300" ind1=" " ind2=" ">
   <subfield code="a">8 jil. :</subfield>
   <subfield code="b">ilus. ;</subfield>
   <subfield code="c">30 cm</subfield>
  </datafield>
  <datafield tag="650" ind1=" " ind2="4">
   <subfield code="a">Sejarah - Ensiklopedia</subfield>
  </datafield>
  <datafield tag="700" ind1="0" ind2=" ">
   <subfield code="a">Y. Agustono; Reny Ambarwati; M. Surianto; Yersy Wulan</subfield>
  </datafield>
  <datafield tag="520" ind1=" " ind2=" ">
   <subfield code="a">Indeks&#13;
Yang diterima jilid 1 : Dunia purba dan dunia klasik&#13;
Yang diterima jilid 2 : Awal abad pertengah dan abad pertengahan&#13;
Yang diterima jilid 3 : Renaisans, perdagangan dan kekaisaran&#13;
Yang diterima jilid 4 : Revolusi dan kemerdekaan, Unifikasi dan kolonisasi&#13;
Yang diterima jilid 5 : Perang dunia, dunia modern&#13;
Yang diterima jilid 6 : Kepulauan nusantara awal&#13;
Yang diterima jilid 7 : Di bawah kolonialisme barat&#13;
Yang diterima jilid 8 : Indonesia raya</subfield>
  </datafield>
  <datafield tag="990" ind1=" " ind2=" ">
   <subfield code="a">190020</subfield>
  </datafield>
 </record>
</collection>
